Pays du Monde commençant par CA, CH, CO - Statistiques

Statistiques générales
  • Ce quiz a été pris 379 fois
  • Le résultat moyen est 10 sur 15
Statistiques - réponses
Réponse % Correct
Chine
93%
Canada
86%
Colombie
81%
Cameroun
77%
Chili
71%
Congo
70%
Congo RDC
70%
Corée du Nord
70%
Corée du Sud
70%
Comores
67%
Cambodge
61%
Chypre
59%
Costa Rica
59%
Côte d'Ivoire
48%
Cap-Vert
47%
Aucun quiz correspondant
Distribution des résultats
% des personnes avec chaque résultat
Percentile par nombre de réponses
Votre historique - résultats
Vous n’avez pas pris ce quiz